10 Most Famous Cities in Federated States of Micronesia on a Map - Statistics

General Stats
  • This quiz has been taken 54 times
  • The average score is 3 of 10
Answers on the Map
Answers color-coded by a green-red scale on the quiz's map according to % correct below.
 
Answer Stats
Wiki Monthly Views Cityquiz Mention Rate Population Answers % Correct
9.69K 11.06% 6.65K Palikir
94%
4.81K 0.73% 13.86K Weno
64%
2.42K 0.36% 6.07K Kolonia
42%
1.37K 0.68% 3.13K Colonia
36%
0.65K 0.03% 2.59K Tofol/Lelu
19%
5.77K 0.02% 0.85K Falalop/Ulithi
14%
2.02K - 0.50K Kapingamarangi
14%
5.83K - 0.25K Pingelap
14%
1.73K 0.01% 1.04K Woleai
14%
1.76K - 0.37K Nukuoro
11%
No matching quizzes found
Score Distribution
Percent of People with Each Score
Percentile by Number Answered
Your Score History
You have not taken this quiz